Normal view MARC view
  • Mayer, Robert,

Entry Personal Name

Number of records used in: 1

001 - CONTROL NUMBER

  • control field: 1214

003 - CONTROL NUMBER IDENTIFIER

  • control field: OSt

005 - DATE AND TIME OF LATEST TRANSACTION

  • control field: 20170504110348.0

008 - FIXED-LENGTH DATA ELEMENTS

  • fixed length control field: 170504|| aca||aabn | a|a d

040 ## - CATALOGING SOURCE

  • Original cataloging agency: OSt
  • Transcribing agency: OSt

100 ## - HEADING--PERSONAL NAME

  • Personal name: Mayer, Robert,
  • Dates associated with a name: 1939 July 27-

670 ## - SOURCE DATA FOUND

  • Source citation: Work cat.: (OSt)0: Mayer, Robert, 1939 July 27-, How to win any argument :, 2005
Pusat Sumber Maklumat Dato' Haji Sarmin Md Hussin, Akademi Kastam Diraja Malaysia, Melaka
Tel: 06-2331106 | Faks: 06-2313787